000 00598nam a2200253Ia 4500
005 20260320200846.0
008 008 262003s9999 xx 000 0 eng d
020 _a9781608070855
037 _aEBOOK
040 _aCRL
040 _beng
040 _cCRL
041 _2eng
041 _aeng
084 _qCRL
100 _aNiedermayer
_91133613
245 0 _aCost-Driven Design of Smart Microsystems
260 _bIEEE
260 _c2011
856 _uhttps://ieeexplore.ieee.org/servlet/opac?bknumber=9100236
942 _cEBOOK
999 _c1717333
_d1717333